00616nam a2200181 i 4500001000300000100003300003245005800036260005300094300002700147490003300174504003200207830002500239040000800264041000800272080001500280008004100295856009800336bg1 aGiergiel, Józefd(1931- ). 0aDrgania układów mechanicznych /cJózef Giergiel. aKraków :bAkademia Górniczo-Hutnicza,c1980. as. 328, nlb. 1 :brys.1 aSkrypty Uczelniane ;vnr 716 a[Zawiera bibliogr. s. 329]. aSkrypty Uczelniane ; cBPK apol a534:621.01 s pl f |000 0 pol  uhttp://koha.tu.koszalin.pl/cgi-bin/koha/opac-detail.pl?biblionumber=19446yKatalog online BPK